Catálogo

Three cups of tea : (Registro nro. 4983)

Detalles MARC
000 -LEADER
fixed length control field 01417cam a2200349 i 4500
001 - CONTROL NUMBER
control field 4983
003 - CONTROL NUMBER IDENTIFIER
control field Mx-PuUPA
005 - DATE AND TIME OF LATEST TRANSACTION
control field 20250619150602.0
008 - FIXED-LENGTH DATA ELEMENTS--GENERAL INFORMATION
fixed length control field 140415s2007 enka gr 001 0 eng d
020 ## - INTERNATIONAL STANDARD BOOK NUMBER
International Standard Book Number 9780143038252
Qualifying information rústica
040 ## - CATALOGING SOURCE
Original cataloging agency Mx-PuUPA
Language of cataloging spa
Transcribing agency Mx-PuUPA
Modifying agency Mx-PuUPA
Description conventions rda
041 0# - LANGUAGE CODE
Language code of text/sound track or separate title eng
043 ## - GEOGRAPHIC AREA CODE
Geographic area code a-pk---
-- a-af---
-- n-us---
100 1# - MAIN ENTRY--PERSONAL NAME
Personal name Mortenson, Greg,
Dates associated with a name 1957-
9 (RLIN) 16909
Relator term autor
245 10 - TITLE STATEMENT
Title Three cups of tea :
Remainder of title one man's misión to promote peace... One school at a time /
Statement of responsibility, etc. Greg Mortenson and David Oliver Relin
250 ## - EDITION STATEMENT
Edition statement First published
264 #1 - PRODUCTION, PUBLICATION, DISTRIBUTION, MANUFACTURE, AND COPYRIGHT NOTICE
Place of production, publication, distribution, manufacture London, England :
Name of producer, publisher, distributor, manufacturer Penguin Books,
Date of production, publication, distribution, manufacture, or copyright notice 2007
300 ## - PHYSICAL DESCRIPTION
Extent 349 páginas, 16 páginas de láminas sin numerar :
Other physical details ilustraciones, mapas, láminas ;
Dimensions 22 cm
336 ## - CONTENT TYPE
Fuente rdacontent
Content type term texto
Content type code txt
337 ## - MEDIA TYPE
Source rdamedia
Media type term sin medio
Media type code n
338 ## - CARRIER TYPE
Source rdacarrier
Carrier type term volumen
Carrier type code nc
600 14 - SUBJECT ADDED ENTRY--PERSONAL NAME
Personal name Mortenson, Greg
650 #7 - SUBJECT ADDED ENTRY--TOPICAL TERM
Source of heading or term armarc
Topical term or geographic name entry element Escuelas para niñas
Geographic subdivision Pakistán
Form subdivision Literatura
650 #7 - SUBJECT ADDED ENTRY--TOPICAL TERM
Source of heading or term armarc
Topical term or geographic name entry element Escuelas para niñas
Geographic subdivision Afganistán
Form subdivision Literatura
650 #7 - SUBJECT ADDED ENTRY--TOPICAL TERM
Source of heading or term armarc
Topical term or geographic name entry element Asistencia humanitaria
Geographic subdivision Estados Unidos
-- Pakistán
Form subdivision Literatura juvenil
650 #7 - SUBJECT ADDED ENTRY--TOPICAL TERM
Source of heading or term armarc
Topical term or geographic name entry element Asistencia humanitaria
Geographic subdivision Estados Unidos
-- Afganistán
Form subdivision Literatura juvenil
650 #7 - SUBJECT ADDED ENTRY--TOPICAL TERM
Source of heading or term armarc
Topical term or geographic name entry element Montañistas
Geographic subdivision Biografías
700 1# - ADDED ENTRY--PERSONAL NAME
Personal name Oliver Relin, David,
Relator term autor
942 ## - ADDED ENTRY ELEMENTS (KOHA)
Source of classification or shelving scheme Dewey Decimal Classification
Koha item type Libro
Classification part 371.82209549
Item part M82
Existencias
Withdrawn status Lost status Source of classification or shelving scheme Damaged status Not for loan Collection code Home library Current library Shelving location Date acquired Total Checkouts Full call number Barcode Date last seen Price effective from Koha item type
    Dewey Decimal Classification     General Angelópolis Angelópolis Sala general 19/06/2025   371.82209549 M82 2007 965000000428 19/06/2025 19/06/2025 Libro